000 01413nam a2200205 a 4500
008 190916s20 ag ||||gr|||| 000 f spa d
020 _a9789504936701
041 _aspa
092 _c808
_l26
_sFON
100 1 _aFontanarrosa, Roberto.
_94089
245 _aNo sé si he sido claro y otros cuentos /
_cRoberto Fontanarrosa.
250 _a2a ed.
260 _aBuenos Aires:
_bPlaneta;
_c2015.
300 _a264 p.
_b21x13cm
500 _aFontanarrosa, R. (2015). No se si he sido claro y otros cuentos. (2a ed.). Buenos Aires : Planeta.
505 _a"Esa vez que Gardel vino a Rosario fuimos a verlo con mi amigo el Flaco Octavio, mamá y el tío Eugenio, al tío hubo que insistirle bastante para convencerlo. Él decía que le gustaba mucho la música,pero siempre había que rogarle para cualquier cosa. Era una de esas personas que se complacían en que le insistieran". "Te digo más", "Ustedes no me lo va a creer", "No sé si he sido claro" son expresiones diarias que se repiten una y otra vez. y fue "el Negro" quien logró captar, como ningún otro, con humildad y maestría, el sentimiento popular frente a las cinco cosas a las que pareciera reducirse la vida: el amor, la amistad, la pasión, la locura y la muerte. No sé si he sido claro y otros cuentos es el segundo libro de relatos de Fontanarrosa.
590 _aDonación septiembre 2019.
655 _aLiteratura
_92917
942 _2ddc
_cLIT
999 _c3045
_d3045